00909nam a2200217 a 450000100100000000500170001000800410002704000250006808200200009310000430011324500750015626000690023130000200030049000640032050000420038465000280042665000310045483000710048595201180055699900170067400001111120240412074223.0091014s2000 dr 001 p spa d aDO-SdBNPbspacBNPHU aRD861.44bF316b1 aBatista, León Félix,d1964-91203110aSe borra si es leído (poesía 1989-1999) /cLeón Félix Batista. aSanto Domingo :bSistema Nacional de Talleres Litararios,c2000. a331 p ;c29 cm.1 aSistema Nacional de Talleres Literarios ;v16aFin de siglo aIncluye datos biográficos del autor 0aPoesía dominicana966 0aLiteratura dominicana.967 0aSistema Nacional de Talleres Literarios ;v16pFin de siglo926596 0010718PDaPDbPDcCTd2009-10-14iLF1l0oRD861.44 F316bp11111-10r2020-06-25w2020-06-25yLFPDZNo se presta c10836d10836